| 000 | 00411pab a2200133 454500 | ||
|---|---|---|---|
| 008 | 180718b xxu||||| |||| 00| 0 eng d | ||
| 100 | _aSwamy T.L.N. | ||
| 245 | _aPublic and private sector industries in India: a comparative analysis | ||
| 362 | _a35(1), Apr-Jun 1994, p.128-31 | ||
| 650 | _a Public Sector -- India | ||
| 650 | _aGovernment Business Enterprise -- India | ||
| 773 | _aProductivity | ||
| 909 | _a27323 | ||
| 999 |
_c27323 _d27323 |
||